000 01596nam0a2200313 4500
001 RU\NLR\bibl\1072589
005 20260405130745.0
010 _a5-85546-234-X
_9120
021 _aRU
_b2007-13480
_9721
035 _a(NLR Aleph) 001059811
090 _a931385
_c931385
100 _a20070412d2006 |||y0rusy50 ca
101 0 _arus
102 _aRU
105 _aa |||||||||
200 1 _aОсновы менеджмента
_eучебное пособие
_fТ.Д. Иванова, С.А. Тавридович, А.Н. Шабашова
_gМ-во образования и науки Рос. Федерации, Балт. гос. техн. ун-т "Военмех"
210 _aСанкт-Петербург
_cБалтийский государственный технический университет
_d2006
215 _a89,[1] с.
_cил.
_d20
320 _aБиблиогр.: с. 88 (11 назв.) и в подстроч. прим.
606 1 _aМенеджмент
_jУчебные издания для высших учебных заведений
_91566100
_3RU\NLR\auth\66685658
686 _aУ21(0)я73
700 1 _4070
_8rus
_7ca
_aИванова
_bТ. Д.
_cспециалист в обл. менеджмента
_gТатьяна Дмитриевна
_3RU\NLR\auth\7751832
_934765
701 1 _aТавридович
_bС. А.
_gСтанислав Александрович
_4070
701 1 _aШабашова
_bА. Н.
_gАльбина Николаевна
_4070
801 0 _aRU
_bNLR
_c20070412
_gRCR
801 1 _aRU
_bNLR
_c20070412
942 _cBOOK
980 _aNB